000 00236nam a2200097Ia 4500
008 230915s9999 xx 000 0 und d
050 _aPQ 2469. V47 1963
100 _aVERNE,JULES
245 0 _aLE TOUR DU MONDE EN 80 JOURS
942 _cBK
999 _c178187
_d178187